000 00676nam a2200277Ia 4500
005 20260324150727.0
008 008 260324s9999 xx 000 0 eng d
020 _a9781315105536
037 _aEBOOK
040 _aCRL
040 _beng
040 _cCRL
041 _2eng
041 _aeng
084 _qCRL
100 _aMalcolm Guthrie
_91227196
245 4 _aThe Classification of the Bantu Languages bound with Bantu Word Division
260 _bTaylor and Francis
260 _c1948
365 _a
365 _b145
856 _uhttp://www.taylorfrancis.com/books/9781315105536
942 _cEBOOK
999 _c1837378
_d1837378